[Event "SVR-ch MAT-II 30th"]
[Site "Nickenich"]
[Date "2007.04.01"]
[Round "5"]
[White "Betancourt, Jose Raoul"]
[Black "Braemigk, Uwe"]
[Result "1-0"]
[WhiteElo "1842"]
[BlackElo "2034"]
[PlyCount "79"]
[EventDate "2007.03.30"]
[EventType "tourn"]
[EventRounds "9"]
[EventCountry "GER"]
[SourceTitle "EXT 2009"]
[Source "ChessBase"]
[SourceDate "2008.11.26"]
[SourceVersion "1"]
[SourceVersionDate "2008.11.26"]
[SourceQuality "1"]

1. e4 e6 2. d4 d5 3. Nd2 dxe4 4. Nxe4 Bd7 5. Nf3 Bc6 6. Bd3 Nd7 7. Qe2 Ngf6 8. Bg5 Be7 9. Nxf6+ Bxf6 10. Be3 Bxf3 11. Qxf3 c6 12. c3 Qa5 13. 0-0 0-0 14. a4 Rfe8 15. b4 Qc7 16. Qe4 g6 17. f4 Bg7 18. Qf3 Nf6 19. Bd2 Rad8 20. Rae1 b6 21. Bc1 c5 22. Bb5 Re7 23. dxc5 bxc5 24. Be3 Nd7 25. Rc1 e5 26. f5 e4 27. Qf2 gxf5 28. Qxf5 Qe5 29. Bxd7 Rexd7 30. Bxc5 Qxf5 31. Rxf5 Rd1+ 32. Rf1 R1d3 33. Rfe1 Bh6 34. Rc2 Bd2 35. Rxe4 Bxc3 36. Kf2 f5 37. Re3 Rxe3 38. Kxe3 Be5 39. g3 a6 40. Rf2 1-0

[Event "SVR-ch MAT-II 30th"]
[Site "Nickenich"]
[Date "2007.03.30"]
[Round "1"]
[White "Hardt, Bernd"]
[Black "Betancourt, Jose Raoul"]
[Result "1/2-1/2"]
[WhiteElo "1831"]
[BlackElo "1842"]
[PlyCount "63"]
[EventDate "2007.03.30"]
[EventType "tourn"]
[EventRounds "9"]
[EventCountry "GER"]
[SourceTitle "EXT 2009"]
[Source "ChessBase"]
[SourceDate "2008.11.26"]
[SourceVersion "1"]
[SourceVersionDate "2008.11.26"]
[SourceQuality "1"]

1. Nf3 d5 2. d4 Nf6 3. c4 e6 4. g3 Nbd7 5. Bg2 c6 6. 0-0 Bd6 7. Nc3 0-0 8. Qc2 Re8 9. cxd5 exd5 10. Ng5 h6 11. Nh3 Nf8 12. Nf4 Ne6 13. Nxe6 Bxe6 14. Na4 Bg4 15. e3 Qc8 16. Nc5 b6 17. Nd3 Bf5 18. Qb3 Qd7 19. Nf4 Bxf4 20. exf4 Bh3 21. Be3 Qf5 22. Rac1 Bxg2 23. Kxg2 Qe4+ 24. Kg1 Re6 25. Qc2 Qf3 26. f5 Ree8 27. Qxc6 Qxf5 28. Qc2 Qh3 29. Bf4 Rac8 30. Qd2 h5 31. f3 Qe6 32. Rxc8 1/2-1/2

[Event "SVR-ch MAT-II 29th"]
[Site "Koblenz"]
[Date "2006.04.14"]
[Round "8"]
[White "Betancourt, Jose Raoul"]
[Black "Graf, Rodolfo"]
[Result "1/2-1/2"]
[WhiteElo "1898"]
[BlackElo "1724"]
[PlyCount "56"]
[EventDate "2006.04.07"]
[EventType "tourn"]
[EventRounds "9"]
[EventCountry "GER"]
[SourceTitle "EXT 2009"]
[Source "ChessBase"]
[SourceDate "2008.11.26"]
[SourceVersion "1"]
[SourceVersionDate "2008.11.26"]
[SourceQuality "1"]

1. e4 d6 2. d4 Nf6 3. Bd3 g6 4. Nf3 Bg7 5. 0-0 Nc6 6. a3 Bg4 7. Be3 Nh5 8. c3 e5 9. d5 Ne7 10. h3 Bd7 11. Nh2 f5 12. f3 0-0 13. Rf2 f4 14. Bd2 Nf6 15. Ng4 Nxg4 16. hxg4 g5 17. Kf1 Qe8 18. Ke2 Qg6 19. Qh1 Kf7 20. g3 Rh8 21. Rh2 fxg3 22. Rh5 h6 23. Be1 Raf8 24. Bxg3 Ke8 25. Nd2 Kd8 26. Qg2 Be8 27. Rah1 Qf6 28. R5h2 Ng6 1/2-1/2

[Event "SVR-ch MAT-II 29th"]
[Site "Koblenz"]
[Date "2006.04.09"]
[Round "5"]
[White "Betancourt, Jose Raoul"]
[Black "Bendel, Lars"]
[Result "0-1"]
[WhiteElo "1898"]
[BlackElo "1937"]
[PlyCount "70"]
[EventDate "2006.04.07"]
[EventType "tourn"]
[EventRounds "9"]
[EventCountry "GER"]
[SourceTitle "EXT 2009"]
[Source "ChessBase"]
[SourceDate "2008.11.26"]
[SourceVersion "1"]
[SourceVersionDate "2008.11.26"]
[SourceQuality "1"]

1. e4 d6 2. d4 Nf6 3. Bd3 g6 4. Ne2 Bg7 5. f3 Nc6 6. c3 e5 7. Be3 0-0 8. 0-0 d5 9. exd5 Nxd5 10. Bf2 exd4 11. Nxd4 Nxd4 12. Bxd4 Bxd4+ 13. cxd4 Ne3 14. Qd2 Nxf1 15. Bxf1 c6 16. a4 Be6 17. Nc3 f5 18. Rd1 Bb3 19. Ra1 Qf6 20. Ra3 Bf7 21. Ne2 Rad8 22. Rc3 Rd6 23. Qe3 Re8 24. Qf2 Qg5 25. f4 Qe7 26. d5 Rxd5 27. Qxa7 Rd2 28. Nd4 Rd1 29. Nf3 Qe2 30. Qf2 Bc4 31. Rxc4 Qxc4 32. Ne5 Qd4 33. Qxd4 Rxd4 34. Bc4+ Kg7 35. b3 Rxf4 0-1

[Event "SVR-ch MAT-II 29th"]
[Site "Koblenz"]
[Date "2006.04.09"]
[Round "4"]
[White "Froembgen, Wolfgang"]
[Black "Betancourt, Jose Raoul"]
[Result "1/2-1/2"]
[WhiteElo "1988"]
[BlackElo "1898"]
[PlyCount "47"]
[EventDate "2006.04.07"]
[EventType "tourn"]
[EventRounds "9"]
[EventCountry "GER"]
[SourceTitle "EXT 2009"]
[Source "ChessBase"]
[SourceDate "2008.11.26"]
[SourceVersion "1"]
[SourceVersionDate "2008.11.26"]
[SourceQuality "1"]

1. e4 c6 2. d4 d5 3. exd5 cxd5 4. c4 Nf6 5. Nc3 Nc6 6. Nf3 e6 7. a3 dxc4 8. Bxc4 Bd6 9. 0-0 0-0 10. Qe2 h6 11. Ne4 Be7 12. Rd1 Nd5 13. Ne5 Qb6 14. Nxc6 Qxc6 15. b4 b6 16. Bb5 Qc7 17. Bd2 Bb7 18. Rac1 Qd8 19. Ba6 Qd7 20. Bb5 Qd8 21. Bc6 Bxc6 22. Rxc6 Qd7 23. Qc4 Rfd8 24. Be1 1/2-1/2

[Event "SVR-ch MAT-II 29th"]
[Site "Koblenz"]
[Date "2006.04.08"]
[Round "3"]
[White "Betancourt, Jose Raoul"]
[Black "Zirwes, Hans Juergen"]
[Result "0-1"]
[WhiteElo "1898"]
[BlackElo "1822"]
[PlyCount "128"]
[EventDate "2006.04.07"]
[EventType "tourn"]
[EventRounds "9"]
[EventCountry "GER"]
[SourceTitle "EXT 2009"]
[Source "ChessBase"]
[SourceDate "2008.11.26"]
[SourceVersion "1"]
[SourceVersionDate "2008.11.26"]
[SourceQuality "1"]

1. e4 c5 2. Nf3 Nc6 3. d4 cxd4 4. Nxd4 Nf6 5. Nc3 e6 6. Be3 Bb4 7. f3 d5 8. Bb5 a6 9. Nxc6 Bxc3+ 10. bxc3 Qc7 11. Bd3 Qxc6 12. exd5 Qxc3+ 13. Bd2 Qe5+ 14. Kf2 Nxd5 15. Qc1 Qd4+ 16. Kf1 0-0 17. g3 Bd7 18. a4 Bc6 19. Kg2 Rac8 20. Qe1 Bxa4 21. Rc1 Bc6 22. Be4 Rfd8 23. c3 Qc5 24. c4 Ne7 25. Bb4 Qd4 26. Bxe7 Qd2+ 27. Qf2 Rd7 28. Ba3 Bxe4 29. fxe4 Qa5 30. Qf3 Qd2+ 31. Qf2 Qa5 32. Qe3 Rd2+ 33. Kf1 Rcd8 34. h4 R2d3 35. Qc5 Qxa3 36. Qxa3 Rxa3 37. Kg2 Rd2+ 38. Kh3 Rdd3 39. Rhg1 g6 40. e5 h5 41. Rb1 Rd7 42. Rge1 Rc7 43. Red1 Re3 44. Rd4 Rxe5 45. Kg2 Rec5 46. Rb4 e5 47. Rd8+ Kg7 48. Rb8 Rxc4 49. R8xb7 Rxb4 50. Rxb4 f5 51. Ra4 Rc6 52. Ra5 Kf6 53. Kf3 Ke6 54. Ke3 Kd6 55. Kf3 Rb6 56. Ke3 Ke6 57. Kf3 Kf6 58. Ke3 Re6 59. Kf3 g5 60. hxg5+ Kxg5 61. Ra4 e4+ 62. Ke3 Kg4 63. Ra5 Rd6 64. Re5 Rd3+ 0-1

[Event "Koblenz-ch"]
[Site "Koblenz"]
[Date "2003.10.07"]
[Round "3"]
[White "Melnikov, Valeri"]
[Black "Betancourt, Jose Raoul"]
[Result "1/2-1/2"]
[WhiteElo "1948"]
[BlackElo "1898"]
[PlyCount "109"]
[EventDate "2003.09.23"]
[EventType "swiss"]
[EventRounds "7"]
[EventCountry "GER"]
[SourceTitle "EXT 2005"]
[Source "ChessBase"]
[SourceDate "2004.11.15"]
[SourceVersion "1"]
[SourceVersionDate "2004.11.15"]
[SourceQuality "1"]

1. e3 e5 2. Nc3 Nf6 3. Nf3 e4 4. Ne5 d6 5. Nc4 Nc6 6. d4 Bg4 7. Be2 Bxe2 8. Qxe2 Qd7 9. 0-0 d5 10. Ne5 Nxe5 11. dxe5 Ng4 12. Rd1 c6 13. Nxe4 Nxe5 14. b3 Qc7 15. Ng3 Be7 16. e4 dxe4 17. Qxe4 0-0 18. Bf4 f6 19. Nf5 Bc5 20. Bg3 Rfe8 21. b4 Bf8 22. Rd2 Red8 23. Rad1 Rxd2 24. Rxd2 Qf7 25. h3 Nc4 26. Qg4 Kh8 27. Rd4 b5 28. Nd6 Nxd6 29. Bxd6 Qxa2 30. Bxf8 Rxf8 31. Rd7 Qa1+ 32. Kh2 Rg8 33. Qe4 Qc3 34. Rxa7 f5 35. Qxf5 Qxb4 36. Rf7 Qd6+ 37. g3 c5 38. Rd7 Qc6 39. h4 h6 40. Qf7 Qe4 41. c3 Qe5 42. Re7 Qxc3 43. Re8 Rxe8 44. Qxe8+ Kh7 45. Qe4+ g6 46. Qe7+ Qg7 47. Qxc5 Qb7 48. Qb4 h5 49. Kg1 Qd7 50. Qc5 Qf5 51. Qa7+ Kg8 52. Qa8+ Kf7 53. Qa7+ Ke6 54. Qb6+ Ke7 55. Qc7+ 1/2-1/2

[Event "Rheinland-ch MAT B"]
[Site "Koblenz"]
[Date "2003.04.17"]
[Round "7"]
[White "Melnikov, Valeri"]
[Black "Betancourt, Jose Raoul"]
[Result "0-1"]
[WhiteElo "2064"]
[BlackElo "1903"]
[PlyCount "110"]
[EventDate "2003.04.11"]
[EventType "tourn"]
[EventRounds "9"]
[EventCountry "GER"]
[SourceTitle "EXT 2004"]
[Source "ChessBase"]
[SourceDate "2003.11.25"]
[SourceVersion "1"]
[SourceVersionDate "2003.11.25"]
[SourceQuality "1"]

1. e4 c5 2. Nf3 e6 3. d4 cxd4 4. Nxd4 a6 5. Nc3 Qc7 6. Be2 Nf6 7. 0-0 Bb4 8. Qd3 Bxc3 9. bxc3 0-0 10. a4 d5 11. exd5 Nxd5 12. c4 Nf4 13. Bxf4 Qxf4 14. Bf3 Nd7 15. Qe4 Qxe4 16. Bxe4 Nc5 17. Bf3 Rb8 18. a5 Bd7 19. Nb3 Rfc8 20. Rfb1 Be8 21. Nxc5 Rxc5 22. Bxb7 Kf8 23. Rb6 Rd8 24. Rxa6 Rxc4 25. Rb6 Rcd4 26. Rbb1 Ba4 27. c3 R4d6 28. a6 Bc6 29. h3 Ke8 30. Kh2 Bxb7 31. axb7 Rb8 32. Ra8 Rdd8 33. Kg3 Rxa8 34. bxa8Q Rxa8 35. Kf3 Rc8 36. Rc1 Kd7 37. Ke3 Kc6 38. Kd4 f6 39. Ra1 Rd8+ 40. Kc4 Rd2 41. Rf1 e5 42. g3 f5 43. g4 g6 44. g5 e4 45. h4 Kd6 46. Kb5 Rb2+ 47. Kc4 Ke5 48. Kc5 f4 49. c4 e3 50. fxe3 fxe3 51. Rf7 e2 52. Rxh7 Ke6 53. Rh8 Ke7 54. Rh7+ Ke6 55. Rh8 Rb7 0-1

[Event "Rheinland-ch MAT B"]
[Site "Koblenz"]
[Date "2003.04.12"]
[Round "2"]
[White "Kohlei, Rolf"]
[Black "Betancourt, Jose Raoul"]
[Result "1-0"]
[WhiteElo "2075"]
[BlackElo "1903"]
[PlyCount "109"]
[EventDate "2003.04.11"]
[EventType "tourn"]
[EventRounds "9"]
[EventCountry "GER"]
[SourceTitle "EXT 2004"]
[Source "ChessBase"]
[SourceDate "2003.11.25"]
[SourceVersion "1"]
[SourceVersionDate "2003.11.25"]
[SourceQuality "1"]

1. Nf3 c5 2. c4 Nf6 3. Nc3 g6 4. e4 d6 5. h3 Bg7 6. Be2 Nc6 7. d3 0-0 8. Be3 a6 9. Qd2 Re8 10. 0-0 e5 11. Nh2 Nd4 12. f4 Nxe2+ 13. Nxe2 exf4 14. Bxf4 Qc7 15. Bg5 Nd7 16. Nc3 Nb6 17. g4 Be6 18. Bh6 Bd4+ 19. Kg2 Nd7 20. Nf3 Bh8 21. Rae1 f6 22. Bf4 Qc6 23. b3 b5 24. d4 Bf7 25. d5 Qb6 26. Rf2 b4 27. Na4 Qc7 28. g5 Re7 29. Nb2 Rae8 30. Qd3 Ne5 31. Bxe5 fxe5 32. Nh2 Rf8 33. Ref1 Bg7 34. Ng4 Be8 35. Rxf8+ Bxf8 36. Nf6+ Kg7 37. Qg3 Bd7 38. Nxh7 Kxh7 39. Rxf8 Kg7 40. Qf3 Bf5 41. Rf6 Bc8 42. Nd1 Qd8 43. Ne3 Ra7 44. h4 Bd7 45. h5 Be8 46. hxg6 Bxg6 47. Nf5+ Bxf5 48. Qxf5 Kg8 49. Qe6+ Kh8 50. Qxd6 Qxd6 51. Rxd6 a5 52. Rc6 a4 53. Rxc5 axb3 54. axb3 Ra3 55. d6 1-0

[Event "Rheinland-ch MAT B"]
[Site "Koblenz"]
[Date "2003.04.11"]
[Round "1"]
[White "Betancourt, Jose Raoul"]
[Black "Wohde, Jens"]
[Result "1-0"]
[WhiteElo "1903"]
[BlackElo "1803"]
[PlyCount "119"]
[EventDate "2003.04.11"]
[EventType "tourn"]
[EventRounds "9"]
[EventCountry "GER"]
[SourceTitle "EXT 2004"]
[Source "ChessBase"]
[SourceDate "2003.11.25"]
[SourceVersion "1"]
[SourceVersionDate "2003.11.25"]
[SourceQuality "1"]

1. d4 Nf6 2. Nf3 d5 3. Bf4 e6 4. e3 Be7 5. Bd3 Nbd7 6. Nbd2 c5 7. c3 b6 8. 0-0 a5 9. Re1 Ba6 10. Bc2 0-0 11. Ne5 Nxe5 12. dxe5 Nd7 13. Qh5 g6 14. Qg4 Bc8 15. Bg3 f5 16. exf6 Nxf6 17. Qd1 Bd6 18. Nf3 Ra7 19. Bxd6 Qxd6 20. e4 Qf4 21. g3 Qg4 22. Ne5 Qxd1 23. Raxd1 Rc7 24. f3 Bb7 25. Kg2 Kg7 26. h3 Rd8 27. Nc4 b5 28. Nxa5 Ra8 29. Nxb7 Rxb7 30. a3 b4 31. axb4 cxb4 32. exd5 exd5 33. Re2 bxc3 34. bxc3 Rc7 35. Bb3 Rxc3 36. Bxd5 Nxd5 37. Rxd5 Raa3 38. Rf2 Rc1 39. g4 h6 40. h4 Rcc3 41. h5 Ra7 42. Kg3 Rca3 43. hxg6 Kxg6 44. Rd6+ Kg7 45. Rh2 Rf7 46. Rf2 Ra5 47. f4 Ra3+ 48. Rf3 Ra1 49. f5 Rg1+ 50. Kf4 Kg8 51. Rg6+ Kh7 52. Re3 Rf1+ 53. Ke5 Re7+ 54. Re6 Rg7 55. Rh3 Rxg4 56. Rexh6+ Kg7 57. Rh7+ Kf8 58. Kf6 Rg8 59. Ra3 Re1 60. Ra8+ 1-0

[Event "Heimbach Weis op"]
[Site "Heimbach Weis"]
[Date "2002.03.29"]
[Round "8"]
[White "Betancourt, Jose Raoul"]
[Black "Reifenroether, Michael"]
[Result "0-1"]
[WhiteElo "1901"]
[BlackElo "1746"]
[PlyCount "88"]
[EventDate "2002.03.22"]
[EventType "swiss"]
[EventRounds "9"]
[EventCountry "GER"]
[SourceTitle "EXT 2007"]
[Source "ChessBase"]
[SourceDate "2006.11.23"]
[SourceVersion "1"]
[SourceVersionDate "2006.11.23"]
[SourceQuality "1"]

1. e4 c6 2. d4 d5 3. e5 Bf5 4. Nc3 e6 5. g4 Bg6 6. Nge2 c5 7. Be3 Nc6 8. h4 h6 9. Nf4 Nge7 10. Nb5 Nc8 11. Nxg6 fxg6 12. Qd3 Qd7 13. Qxg6+ Kd8 14. 0-0-0 a6 15. Nc3 N8e7 16. Qd3 c4 17. Qe2 b5 18. Nb1 b4 19. Kd2 Nc8 20. Ke1 Nb6 21. c3 Na4 22. Qc2 Na5 23. Bd2 Rb8 24. Bh3 b3 25. axb3 cxb3 26. Qg6 Nxb2 27. g5 Qb5 28. Bf4 Nxd1 29. gxh6 gxh6 30. Qf6+ Kc7 31. Bf1 Qc6 32. Qxh8 Nxc3 33. Qh7+ Kb6 34. Qd3 Nb5 35. Be2 Qc2 36. Rh3 Rc8 37. Bd2 b2 38. Kf1 Qxd3 39. Bxd3 Nc4 40. Be3 Nca3 41. Kg2 Rc1 42. Rh1 Rxh1 43. Kxh1 Nxb1 44. Bxb1 Na3 0-1

[Event "Heimbach Weis op"]
[Site "Heimbach Weis"]
[Date "2002.03.26"]
[Round "5"]
[White "Betancourt, Jose Raoul"]
[Black "Froembgen, Wolfgang"]
[Result "0-1"]
[WhiteElo "1901"]
[BlackElo "1955"]
[PlyCount "46"]
[EventDate "2002.03.22"]
[EventType "swiss"]
[EventRounds "9"]
[EventCountry "GER"]
[SourceTitle "EXT 2007"]
[Source "ChessBase"]
[SourceDate "2006.11.23"]
[SourceVersion "1"]
[SourceVersionDate "2006.11.23"]
[SourceQuality "1"]

1. e4 c5 2. Nf3 Nc6 3. d4 cxd4 4. Nxd4 Nf6 5. Nc3 e5 6. Ndb5 d6 7. Nd5 Nxd5 8. exd5 Nb8 9. c4 Be7 10. Be3 0-0 11. Bd3 a6 12. Nc3 f5 13. f3 Nd7 14. 0-0 b6 15. Qe2 g5 16. g3 Rf7 17. Kh1 Nf8 18. Qf2 Rb8 19. Rg1 Bf6 20. Qc2 Bg7 21. Ne2 Bd7 22. Rac1 Ng6 23. Bf2 e4 0-1

[Event "Heimbach Weis op"]
[Site "Heimbach Weis"]
[Date "2002.03.25"]
[Round "4"]
[White "Lemme, Klaus"]
[Black "Betancourt, Jose Raoul"]
[Result "1-0"]
[WhiteElo "1813"]
[BlackElo "1901"]
[PlyCount "71"]
[EventDate "2002.03.22"]
[EventType "swiss"]
[EventRounds "9"]
[EventCountry "GER"]
[SourceTitle "EXT 2007"]
[Source "ChessBase"]
[SourceDate "2006.11.23"]
[SourceVersion "1"]
[SourceVersionDate "2006.11.23"]
[SourceQuality "1"]

1. d4 e6 2. c4 d5 3. Nc3 Nf6 4. Bg5 Be7 5. e3 c6 6. Nf3 Nbd7 7. Bd3 dxc4 8. Bxc4 b5 9. Bd3 a6 10. 0-0 c5 11. Ne4 c4 12. Bxf6 Nxf6 13. Nxf6+ Bxf6 14. Be2 Bb7 15. a4 0-0 16. axb5 axb5 17. Qc2 Qd5 18. Rfd1 Rfc8 19. Ne1 Rab8 20. Bf3 Qd8 21. Bxb7 Rxb7 22. Nf3 b4 23. Nd2 Qd5 24. Nxc4 Rbc7 25. b3 Be7 26. Qd3 f5 27. Nb6 Qb7 28. Nxc8 Qxc8 29. Qb1 Qd7 30. Rc1 Rb7 31. Qc2 Qd5 32. Qc6 Rd7 33. Qxd5 exd5 34. Kf1 Kf7 35. Ke2 g6 36. Rc6 1-0

[Event "Koblenz-ch"]
[Site "Koblenz"]
[Date "2001.10.23"]
[Round "4"]
[White "Betancourt, Jose Raoul"]
[Black "Zittro, Carl"]
[Result "1-0"]
[WhiteElo "1918"]
[BlackElo "1535"]
[PlyCount "31"]
[EventDate "2001.09.04"]
[EventType "swiss"]
[EventRounds "7"]
[EventCountry "GER"]
[SourceTitle "EXT 2005"]
[Source "ChessBase"]
[SourceDate "2004.11.15"]
[SourceVersion "1"]
[SourceVersionDate "2004.11.15"]
[SourceQuality "1"]

1. e4 c6 2. d4 d5 3. Nc3 e6 4. Bd3 dxe4 5. Bxe4 Nf6 6. Bf3 Bd6 7. Nge2 Qc7 8. Be3 Nd5 9. Qd2 Nd7 10. Ne4 Be7 11. c4 Bb4 12. N2c3 Nxe3 13. fxe3 Nb6 14. c5 Nd5 15. Nd6+ Ke7 16. Nxd5+ 1-0

[Event "Koblenz-ch"]
[Site "Koblenz"]
[Date "2001.09.04"]
[Round "1"]
[White "Graw, Rolf"]
[Black "Betancourt, Jose Raoul"]
[Result "0-1"]
[WhiteElo "1590"]
[BlackElo "1918"]
[PlyCount "48"]
[EventDate "2001.09.04"]
[EventType "swiss"]
[EventRounds "7"]
[EventCountry "GER"]
[SourceTitle "EXT 2005"]
[Source "ChessBase"]
[SourceDate "2004.11.15"]
[SourceVersion "1"]
[SourceVersionDate "2004.11.15"]
[SourceQuality "1"]

1. e4 e6 2. d4 d5 3. e5 c5 4. c3 Nc6 5. Nf3 Qb6 6. Be2 Bd7 7. 0-0 f6 8. Re1 fxe5 9. Nxe5 Nxe5 10. dxe5 0-0-0 11. Nd2 g5 12. Qb3 h5 13. Qxb6 axb6 14. g4 hxg4 15. Bxg4 Nh6 16. Bf3 Be7 17. Bg2 Nf5 18. Nf3 Rdg8 19. h3 g4 20. hxg4 Rxg4 21. Kf1 Bb5+ 22. Kg1 Rhg8 23. Ng5 Bxg5 24. f3 Rg3 0-1

[Event "Koblenz-ch"]
[Site "Koblenz"]
[Date "1999.12.07"]
[Round "7"]
[White "Ley, Reinhard"]
[Black "Betancourt, Jose Raoul"]
[Result "0-1"]
[WhiteElo "1693"]
[BlackElo "1516"]
[PlyCount "116"]
[EventDate "1999.08.31"]
[EventType "swiss"]
[EventRounds "7"]
[EventCountry "GER"]
[SourceTitle "EXT 2005"]
[Source "ChessBase"]
[SourceDate "2004.11.15"]
[SourceVersion "1"]
[SourceVersionDate "2004.11.15"]
[SourceQuality "1"]

1. d4 Nf6 2. Nf3 g6 3. c4 d6 4. e3 Bg7 5. Nc3 Nbd7 6. Bd3 e5 7. dxe5 dxe5 8. e4 0-0 9. Bg5 c6 10. Qd2 Nc5 11. 0-0-0 Qc7 12. Bc2 Bg4 13. Qd6 Qxd6 14. Rxd6 Ne8 15. Rd8 Nc7 16. Rxf8+ Kxf8 17. Be3 Nd7 18. Ng5 Nf6 19. h3 Bd7 20. Nf3 Nfe8 21. Rd1 Be6 22. Bc5+ Kg8 23. b3 h6 24. Be7 f6 25. Na4 Kf7 26. Bb4 b6 27. Rd3 Na6 28. Ba3 b5 29. cxb5 cxb5 30. Nc5 Bf8 31. b4 Nxc5 32. bxc5 a5 33. Bb3 b4 34. Rd7+ Be7 35. Bb2 Bxb3 36. axb3 Rc8 37. c6 Rxc6+ 38. Kb1 Rc5 39. Nd2 Nd6 40. f3 Ke6 41. Ra7 f5 42. exf5+ gxf5 43. Ra6 Kd5 44. Nf1 Bg5 45. h4 Bxh4 46. Ne3+ Ke6 47. Rxd6+ Kxd6 48. Nxf5+ Kd5 49. Nxh4 e4 50. Nf5 exf3 51. gxf3 h5 52. Bd4 Rc7 53. Bb6 Rc3 54. Ne3+ Kc6 55. Bd4 Rd3 56. Ba7 Rxb3+ 57. Kc2 a4 58. f4 h4 0-1